Saltar al contenido
Inicio
Centros participantes
Catálogo
Servicios
Contacto
כניסה לחשבון
English
Deutsch
Español
Français
Italiano
日本語
Nederlands
Português
Português (Brasil)
中文(简体)
中文(繁體)
Türkçe
עברית
Gaeilge
Cymraeg
Ελληνικά
Català
Euskara
Русский
Čeština
Suomi
Svenska
polski
Dansk
slovenščina
اللغة العربية
বাংলা
Galego
Tiếng Việt
Hrvatski
हिंदी
Հայերէն
Українська
Sámegiella
שפה
כל השדות
כותר
מחבר
נושא
סימן המיקום
ISBN/ISSN
תג
מצא
מתקדם
La familia
יצירת מראה מקום
שלח את זה
הדפסה
יצוא רשומה
יצוא אל RefWorks
יצוא אל EndNoteWeb
יצוא אל EndNote
הוספה למועדפים
Enlace Permanente
Agregar primera valuación
La familia
שמור ב:
מידע ביבליוגרפי
מחבר ראשי:
Hoffmaister Tores, Willy
פורמט:
Texto
יצא לאור:
San José:
OFIPLAN
תגים:
הוספת תג
אין תגיות, היה/י הראשונ/ה לתייג את הרשומה!
מלאי ספרים
תיאור
הערות
פריטים דומים
תצוגת צוות
MARC
LEADER
00000 a a2200000 04500
001
17072
003
040
090
|a
008000
100
|a
Hoffmaister Tores, Willy
245
|a
La familia
260
|a
San José:
|b
OFIPLAN
300
|a
16 p.
999
|c
493
|d
493
פריטים דומים
Catálogo especial de la República de Costa Rica
Invitación a meditar sobre el futuro de Costa Rica. Discurso inaugural del Lic. Daniel Oduber Quirós, Presidente de la República
מאת: Oduber Quirós, Daniel
Conflictos militares y políticos de Costa Rica
מאת: Obregón Loría, Rafael
Futuro socioeconómico y político de Costa Rica
מאת: Arias Sánchez, Oscar
Recursos naturales
מאת: Dengo Obregón, Jorge Manuel